LEADER 01720nam0 2200313 450 001 000024548 005 20090205114430.0 100 $a20090205d1955----km-y0itaa50------ba 101 0 $ager 102 $aDE 200 1 $aGesammelte Werke$fHeinrich von Kleist$g[herausgegeben und eingeleitet von Heinrich Deiters] 210 $aBerlin$cAufbau$d1955 215 $a4 v.$d20 cm. 327 1 $aVol. 1.: Gedichte Dramen. - 539 p.$aVol. 2.: Dramen 2. - 516 p.$aVol. 3.: Erzählungen Kleine Schriften. - 420 p.$aVol. 4.: Briefe. - 507 p. 606 1 $aLetteratura tedesca 676 $a838.6$v(21. ed.)$9Scritti miscellanei tedeschi. 1750-1832 700 1$aKleist,$bHeinrich : von$086899 702 1$aDeiters,$bHeinrich 801 0$aIT$bUniversità della Basilicata - B.I.A.$gRICA$2unimarc 912 $a000024548 996 $aGesammelte Werke$991931 997 $aUNIBAS BAS $aLETTERE CAT $aEXT10$b01$c20090205$lBAS01$h1144 FMT Z30 -1$lBAS01$LBAS01$mBOOK$1BASA1$APolo Storico-Umanistico$2FMAS$BFondo Masini$3FMas/817/1306$6817/1306$5B817/1306$820090205$f04$FPrestabile Didattica$hVol. 1.: Gedichte Dramen. - 539 p. Z30 -1$lBAS01$LBAS01$mBOOK$1BASA1$APolo Storico-Umanistico$2FMAS$BFondo Masini$3FMas/817/1307$6817/1307$5B817/1307$820090205$f04$FPrestabile Didattica$hVol. 2.: Dramen 2. - 516 p. Z30 -1$lBAS01$LBAS01$mBOOK$1BASA1$APolo Storico-Umanistico$2FMAS$BFondo Masini$3FMas/817/1308$6817/1308$5B817/1308$820090205$f04$FPrestabile Didattica$hVol. 3.: Erzählungen Kleine Schriften. - 420 p. Z30 -1$lBAS01$LBAS01$mBOOK$1BASA1$APolo Storico-Umanistico$2FMAS$BFondo Masini$3FMas/817/1309$6817/1309$5B817/1309$820090205$f04$FPrestabile Didattica$hVol. 4.: Briefe. - 507 p. LEADER 00928nas 22002893a 450 001 9910146002103321 005 20231129224419.0 035 $a(CKB)1000000000429063 035 $a(CONSER)cn2006300227 035 $a(EXLCZ)991000000000429063 100 $a20060106a20059999 k-- a 101 0 $aeng 200 10$aConcordia journal 210 $aMontréal $cInternal Relations and Communications Dept. of Concordia University$d[2005]- 215 $a1 online resource 300 $aTitle from caption. 311 $aPrint version: Concordia journal (Montréal, Québec) (DLC)cn2006300227 (OCoLC)1083317772 1717-9033 517 1 $aJournal 608 $aPeriodicals.$2fast 676 $a378.714 686 $acci1icc$2lacc 712 02$aConcordia University (Montre?al, Que?bec), 906 $aJOURNAL 912 $a9910146002103321 920 $aexl_impl conversion 996 $aConcordia journal$92206124 997 $aUNINA